| 000 | 00000nas 2200000za 4500 |
| 001 | 9.819490 |
| 003 | CaOODSP |
| 005 | 20221107142955 |
| 007 | cr ||||||||||| |
| 008 | 160615d19781980oncar p oss f000#b0fre|d |
| 022 | |y0708-4196 |
| 040 | |aCaOODSP|bfre |
| 041 | |aeng|afre |
| 043 | |an-cn--- |
| 086 | 1 |aCS61-214-PDF |
| 245 | 00|aCapital and repair expenditures, manufacturing sub-industries, Canada |h[ressource électronique] = |bDépenses en immobilisation et réparation, sous-industries manufacturières, Canada. |
| 246 | 10|aCapital and repair expenditures, manufacturing sub-industries, Canada, outlook |
| 246 | 10|aDépenses en immobilisation et réparation, sous-industries manufacturières, Canada, perspectives |
| 246 | 11|aDépenses en immobilisation et réparation, sous-industries manufacturières, Canada |
| 260 | |aOttawa : |bStatistics Canada, Construction Division = Statistique Canada, Division de la construction, |c1978-1980. |
| 310 | |aAnnuel |
| 362 | 0 |a1978-1980. |
| 500 | |aÉdition numérisée de l’imprimé [par Statistique Canada]. |
| 500 | |aLes livr. de 1979-1980 comportent le titre : Capital and repair expenditures, manufacturing sub-industries, Canada, outlook = Dépenses en immobilisation et réparation, sous-industries manufacturières, Canada, perspectives. |
| 546 | |aTexte en anglais et en français. |
| 692 | 07|2gccst|aInvestissement |
| 692 | 07|2gccst|aIndustrie |
| 692 | 07|2gccst|aFinances |
| 710 | 1 |aCanada.|bStatistique Canada.|bDivision de la construction. |
| 785 | 00|tInvestment statistics, manufacturing sub-industries and selected energy related industries, outlook |w(CaOODSP)9.819495 |
| 791 | |tCapital and repair expenditures, manufacturing sub-industries, Canada |eeng|w(CaOODSP)9.819488 |